000 00802nam a2200217 i 4500
001 145501
003 ES-MaACL
005 20230906201239.0
007 t|
008 070214s1979 mx r ||||1| spa d
100 1 _aSpiegel, Murray R.
_9107717
245 1 0 _aTeoría y problemas de mecánica teórica con una introducción a las ecuaciones de Lagrange y a la teoría hamiltoniana /
_cMurray R. Spiegel ; traducción y adaptación de José Alberto Pontón.
260 _aMéxico :
_bMc Graw-Hill,
_c1979.
300 _a363 p. :
_bil. ;
_c28 cm.
490 1 _aSerie de compendios Schaum
650 4 _aLagrange, Ecuaciones de.
_9154495
700 1 _aPontón, José Alberto.
_993065
830 0 _aSerie de compendios Schaum
_9181142
852 _aES-MaACL
_jL-2087
_bR.102691
999 _c145501
_d145501